00453nam a2200193Ia 4500003000900000008004100009040001300050040001300063041000800076100002100084100000800105245008200113250001100195260001700206260000900223300001100232300001000243490000600253IT-RoPAU120407s9999 xx 000 0 und d aIT-RoPAU cIT-RoPAU aita aRaimondo Spiazzi cop. aSacerdozio e santità€. Fondamenti teologici della spiritualità€ sacerdotale aPadova aPresbyterium c1963 a328 p. c20 cm v1